| 000 | 00886nam a22002775a 4500 | ||
|---|---|---|---|
| 005 | 20150820154812.0 | ||
| 008 | 090126s2008 enka fr 001 0 eng d | ||
| 020 | _a9781846289620 | ||
| 020 | _a9781846289637 | ||
| 040 |
_aEG-ScBUE _beng _cEG-ScBUE |
||
| 082 | 0 | 4 |
_a005.133 _bPOO _222 |
| 100 | 1 | _aPoo, Danny. | |
| 245 | 1 | 0 |
_aObject-oriented programming and Java / _cDanny Poo, Derek Kiong, Swarnalatha Ashok. |
| 250 | _a2nd ed. | ||
| 260 |
_aLondon : _bSpringer-Verlag, _cc.2008. |
||
| 300 |
_axii, 322 p. : _bill. ; _c24 cm. |
||
| 500 | _aIndex : p. 315-322. | ||
| 650 | 0 |
_aObject-oriented programming (Computer science) _2BUEsh |
|
| 650 | 0 |
_a Java (Computer program language) _2BUEsh |
|
| 651 | _2BUEsh | ||
| 653 |
_bCOMSCI _cAugust2015 |
||
| 655 |
_vreading book _934232 |
||
| 700 | 1 |
_aKiong, Derek Beng Kee, _d1959- |
|
| 700 | 1 | _aAshok, Swarnalatha. | |
| 942 | _k005.133 POO | ||
| 999 |
_c8415 _d8415 |
||